00878nam a2200205Ia 4500001000700000003000500007008004100012010001100053040000900064100003600073245022900109260004100338300001000379440000500389502007600394503000500470650012900475650003500604650003300639Z_1905CHAP220113s1996 xx 000 0 und d a164997 cCHAP aGarcía Hernández, Filemón aEfecto del tipo y forma física del grano y forraje en bovinos alimentados con dietas mixtas. Fase 3. Comportamiento /cpor Filemón García Hernández, Joel Humberto Negrete Hueso y Dionisio Rolando Orozco Jiménez aChapingo, Méx. :bEl autor,c1996 a82 h. a aTesis (Ing. Agr. Esp. en Zootecnia) -- UACH. Departamento de Zootecnia a aForrajes I. UACH. Departamento de Zootecnia II. t. III. Negrete Hueso, Joel Humberto IV. Orozco Jiménez, Dionisio Rolando aGanado vacunoxAlimentación  aGanado vacunoxProducción